00431nam a2200145Ia 4500003000400000008004100004040001600045082001700061100002500078245008700103260004700190300000800237650001700245650002300262GCL140319s9999 xx 000 0 eng d aGCL / cGCL04a808.814bH T1 aHIGGINSON, WILLIAM J10aTHE HAIKU HANDBOOK : HOW TO WRITE, SHARE, AND TEACH HAIKU / cHIGGINSON, WILLIAM J a[S.N] : bKODANSHA INTERNATIONAL ، c1985 a33104aHAIKU, JAPAN04aJAPAN - LITERATURE